000 01344cam a22002891i 4500
003 SA-RiAUC
005 20241024063723.0
008 241023s2001 su g 000 0 ara c
040 _aEG-CaDAJ
_bara
_cSA-RiAUC
_erda
082 0 4 _a251
090 _a251
_bس غ ن
100 1 _aالسغناقي، الحسين بن علي بن حجاج،
_dتوفي 711 هجري
_eمؤلف.
245 1 2 _aالكافي :
_bشرح البزدوي /
_cحسام الدين الحسين بن علي بن حجاج بن علي السغناقي ؛ دراسة وتحقيق فخر الدين سيد محمد قانت.
246 3 0 _aشرح البزدوي
264 1 _aالرياض :
_bمكتبة الرشد،
_c2001
300 _a5 مجلد
336 _aنص
_btxt
_2rdacontent
_3كتاب
337 _aبدون وسيط
_bn
_2rdamedia
338 _aمجلد
_bnc
_2rdacarrier
650 7 _aأصول الفقه الإسلامي
_2aucsh
700 1 _aقانت، فخر الدين سيد محمد
_eمحقق.
700 1 2 _aالبزدوي، محمد بن محمد بن الحسين،
_d421-493 هجري
_tكنز الوصول إلى معرفة الأصول، أو، أصول البزدوي.
740 0 2 _aكنز الوصول إلى معرفة الأصول.
740 0 2 _aأصول البزدوي.
942 _2ddc
_cBOOK
_n0
949 _aSA-JeALM
_d241023
_umohamedma123
_n1
999 _c1651
_d1651